Determinación de la curva de agotamiento para un conjunto de resinas de intercambio iónico para la producción de agua desionizada y reconstrucción del equipo de desionización de agua para el Laboratorio de Ingeniería Química de la Universidad de Costa Rica
Tallennettuna:
| Päätekijä: | |
|---|---|
| Aineistotyyppi: | Kirja |
| Julkaistu: |
San José, Costa Rica
2011
|
| Aiheet: | |
| Tagit: |
Lisää tagi
Ei tageja, Lisää ensimmäinen tagi!
|
MARC
| LEADER | 00000nam a2200000Ia 4500 | ||
|---|---|---|---|
| 003 | 010585 | ||
| 005 | 20221231144025.0 | ||
| 008 | 140114s2011 cr a 000 | s d | ||
| 040 | |c cru CEDI | ||
| 090 | |a TFG 6417 | ||
| 100 | |a Cubillo Carranza, Laura Patricia |9 2402 | ||
| 245 | |a Determinación de la curva de agotamiento para un conjunto de resinas de intercambio iónico para la producción de agua desionizada y reconstrucción del equipo de desionización de agua para el Laboratorio de Ingeniería Química de la Universidad de Costa Rica | ||
| 260 | |c 2011 |b San José, Costa Rica | ||
| 500 | |a Proyecto de graduación (licenciatura en ingeniería química)--Universidad de Costa Rica. Facultad de Ingeniería. Escuela de Ingeniería Química | ||
| 630 | |x RESINAS DE INTERCAMBIO IONICO |x INTERCAMBIO DE IONES |x CALIDAD DEL AGUA |x PURIFICACION DEL AGUA |x AGUA |x PRODUCCION |x EQUIPO Y ACCESORIOS |x UNIVERSIDAD DE COSTA RICA. LABORATORIO DE INGENIERIA QUIMICA |x LABORATORIOS |9 2403 | ||
| 650 | |z RESINAS DE INTERCAMBIO IONICO |9 2404 | ||
| 942 | |c TFG | ||
| 999 | |c 15772 |d 15772 | ||
